Statistics for All Countries with Their Lowest Point Below Sea Level

Click here to take the quiz!

General Stats

  • This quiz has been taken 80 times
  • The average score is 29 of 42

Answer Stats

Elevation (in feet)Country% Correct
-279United States
96%
-505China
92%
-92Russia
88%
-436Egypt
86%
-1,404Israel
86%
-33Mexico
86%
-1,404Jordan
85%
-22Netherlands
82%
-7India
80%
-154Libya
80%
-33France
78%
-92Iran
78%
-13United Kingdom
78%
-49Australia
77%
-702Syria
77%
-13Belgium
76%
-180Morocco
76%
-131Algeria
74%
-23Denmark
74%
-12Germany
73%
-13Japan
73%
-344Argentina
72%
-10Italy
72%
-56Tunisia
70%
-8Sweden
69%
-410Ethiopia
66%
-433Kazakhstan
65%
-10Ireland
62%
-6Poland
59%
-266Turkmenistan
58%
-112Peru
55%
-509Djibouti
54%
-16Mauritania
54%
-0.7Nigeria
54%
-16Ukraine
54%
-39Uzbekistan
53%
-246Eritrea
50%
-7New Zealand
50%
-39Venezuela
49%
-92Azerbaijan
45%
-16Lithuania
35%
-148Dominican Republic
16%

Score Distribution

Percentile by Number Answered

Percent of People with Each Score

Your Score History

You have not taken this quiz